| 000 | 00319 a2200097 4500 | ||
|---|---|---|---|
| 082 | _a920.5491 ABI | ||
| 100 | _aAbid, Dr. S. Qalb-i- | ||
| 245 |
_aJinnah Second World War and the Pakistan Movement/ _cDr. S. Qalb-i-Abid |
||
| 260 |
_aPakistan : _bBeacon Books Gulgasht, _c1999 |
||
| 300 |
_a386p. : _bill. ; _c23 cm |
||
| 650 | _aJinnah -- Pakistan Movement | ||
| 999 |
_c1867 _d1867 |
||